000 00773nmm a2200253 a 4500
001 ocm0001520482
003 TR-IsHL
005 20201028162805.0
008 170122s2016 tu tur
007 cr cn
020 _a9789757429918
035 _a1520482
_b(N$T)
050 0 4 _aKKX3550
_b.V47 2016
090 0 4 _aKKX3550
_b.V47 2016
245 1 0 _aVergi hukuku ve muhasebe standartları
_h[electronic resource]
260 _aİstanbul :
_bYalın Yayıncılık,
_c2016
300 _a193 p.
650 4 _aİşletme ve Yönetim
650 4 _aBusiness and Management
650 0 _aVergi hukuku
650 0 _aTax Law
650 7 _aLAW / Taxation
_2bisacsh
856 4 0 _uhttp://search.ebscohost.com/login.aspx?direct=true&scope=site&db=e011xww&AN=1520482
999 _c14978
_d14978